Logo BPK

Biblioteka

Politechniki Koszalińskiej

50 praktycznych projektów Photoshop CS/CS PL / (Rekord nr 45508)

Szczegóły MARC
000 -ETYKIETA REKORDU
podpole kontrolne o stałej długości 00969nam a2200265 i 4500
001 - NUMER KONTROLNY REKORDU
pole kontrolne bg
020 ## - MIĘDZYNARODOWY ZNORMALIZOWANY NUMER KSIĄŻKI - ISBN
ISBN 8373615474
040 ## - ŹRÓDŁO KATALOGOWANIA
Instytucja, która utworzyła rekord BPK
041 1# - KOD JĘZYKA
Kod języka tekstu pol
Kod języka oryginału eng
080 ## - UNIWERSALNA KLASYFIKACJA DZIESIĘTNA - UKD
UKD 004.42:004.92](07)
920 ## - Międzynarodowy znormalizowany numer książki – ISBN
ISBN 83-7361-547-4
008 - POLE O STAŁEJ DŁUGOŚCI - DANE KONTROLNE
podpole kontrolne o stałej długości s pl f |000 0 pol
100 1# - NAZWA OSOBOWA
Nazwa osobowa GEORGES, Gregory
245 10 - TYTUŁ/ODPOWIEDZIALNOŚĆ
Tytuł 50 praktycznych projektów Photoshop CS/CS PL /
Pozostałe elementy strefy tytułu i oznaczenia odpowiedzialności Gregory Georges ; [tł. anna Witerkowska].
246 ## - WARIANT TYTUŁU
Treść wyrażenia wprowadzającego Tyt. oryg.:
Tytuł 50 fast Photoshop CS techniques
260 ## - STREFA ADRESU WYDAWNICZEGO
Miejsce wydania Gliwice :
Nazwa wydawcy/dystrybutora "Helion",
Data publikacji, dystrybucji/powstania dokumentu 2004.
300 ## - STREFA OPISU FIZYCZNEGO
Objętość 433 s, [18] s. tab. kolor. :
Inne cechy fizyczne il. ;
Rozmiary 24 cm +
Dokument towarzyszący CD ROM.
500 ## - UWAGI OGÓLNE
Tekst uwagi Tyt. oryg.: "50 fast Photoshop CS techniques". U góry s. tyt. i okł. podtyt.: "poznaj techniki obróbki obrazu wykorzystywane przez profesjonalistów ".
504 ## - UWAGA DOTYCZĄCA BIBLIOGRAFII
Informacje o bibliografii Indeks.
650 #9 - HASŁO PRZEDMIOTOWE W FORMIE NAZWY OGÓLNEJ LUB JEDNOSTKOWEJ
Nazwa ogólna lub geograficzna Photoshop
655 ## - TERMIN INDEKSOWY - OKREŚLENIE RODZAJU/FORMY DOKUMENTU
Określenie rodzaju/formy dokumentu Podręczniki
700 1# - HASŁO DODATKOWE - NAZWA OSOBOWA
Nazwa osobowa WITERKOWSKA, Anna.
Określenie związku między hasłem a opisywanym materiałem Tł.
856 ## - LOKALIZACJA I DOSTĘP DO ELEKTRONICZNYCH DOKUMENTÓW ZDALNYCH
Link (URL) http://koha.tu.koszalin.pl/cgi-bin/koha/opac-detail.pl?biblionumber=45508
Tekst linku Katalog online BPK
942 ## - DODATKOWE ELEMENTY (KOHA)
Typ dokumentu Książka
Egzemplarze
Wycofany Status egzemplarza Uszkodzony Dostępność Lokalizacja stała Lokalizacja bieżąca Miejsce przechowywania Sygnatura Kod kreskowy Dział Typ dokumentu
      Tylko na miejscu Biblioteka Politechniki Koszalińskiej Biblioteka Politechniki Koszalińskiej Czytelnia BG 74359 02247830 004.92/.94 Grafika komputerowa Książka
      Dostępny Biblioteka Politechniki Koszalińskiej Biblioteka Politechniki Koszalińskiej Wypożyczalnia BG 74360 02247823   Książka
© 2023 Biblioteka Politechniki Koszalińskiej :: KOHA